<?xml version="1.0" encoding="UTF-8"?>
<marc:record xmlns:marc="http://www.loc.gov/MARC21/slim">
   <marc:leader>00000nam a2200000 a 4500</marc:leader>
   <marc:datafield ind1="1" ind2=" " tag="100">
      <marc:subfield code="a">Hilbert, Jörg</marc:subfield>
      <marc:subfield code="4">aut</marc:subfield>
      <marc:subfield code="e">Verfasser/-in</marc:subfield>
   </marc:datafield>
   <marc:datafield ind1="1" ind2=" " tag="100">
      <marc:subfield code="a">Janosa, Felix</marc:subfield>
   </marc:datafield>
   <marc:datafield ind1=" " ind2=" " tag="653">
      <marc:subfield code="a">Musical</marc:subfield>
   </marc:datafield>
   <marc:datafield ind1="0" ind2="0" tag="245">
      <marc:subfield code="a">Ritter Rost ist krank</marc:subfield>
   </marc:datafield>
   <marc:datafield ind1="0" ind2="0" tag="245">
      <marc:subfield code="b">Musical für Kinder</marc:subfield>
   </marc:datafield>
   <marc:datafield ind1="0" ind2="0" tag="245">
      <marc:subfield code="c">Jörg Hilbert ; Felix Janosa</marc:subfield>
   </marc:datafield>
   <marc:datafield ind1=" " ind2="1" tag="264">
      <marc:subfield code="a">München</marc:subfield>
      <marc:subfield code="b">Terzio</marc:subfield>
      <marc:subfield code="c">2010</marc:subfield>
   </marc:datafield>
   <marc:datafield ind1="1" ind2=" " tag="490">
      <marc:subfield code="a">Ritter Rost ; 10</marc:subfield>
      <marc:subfield code="v">10</marc:subfield>
   </marc:datafield>
   <marc:datafield ind1=" " ind2=" " tag="250">
      <marc:subfield code="a">1. Aufl.</marc:subfield>
   </marc:datafield>
   <marc:datafield ind1="1" ind2=" " tag="520">
      <marc:subfield code="a">Auf welcher Kinderproduktion kann man Comedian Herbert Knebel, Jazz-Sängerin Anne Haigis, Kinder-Rapper Tom Lehel, ein holländisches Streichquartett, einen Kunstpfeifer von den Kanarischen Inseln, Musikerdes WDR-Sinfonieorchesters und den Gitarristen von Marius Müller-Westernhagen gemeinsam hören? Der Leser ahnt es schon: Wenn musikalischer Wahnsinn Methode hat, dann im neuesten Band von Ritter Rost. Heimlicher Pate des 10. Bandes sind allerdings vier berühmte Musiker aus Liverpool. An vielen Stellen der elf neuen Songs lugen Paul McCartney, John Lennon, George Harrison und Ringo Starr schelmisch hervor - eine funkelnde musikalische Hommage von Komponist Felix Janosa, wie immer serviert mit den frech-hintersinnigen Texten von Jörg Hilbert.Diesmal ist Ritter Rost übrigens furchtbar krank. Jedenfalls behauptet er das, denn sein Gesicht ist voller roter Punkte. Koks und Bö vermuten allerdings, dass diese nur aufgemalt sind, weil sich der Ritter mal wieder vorm Abtrocknen drücken möchte. Um die Wahrheit herauszufinden, statten die drei dem Krankenhaus für ehrenwerte Ritter einen Besuch ab. Dort machen sie eineerstaunliche Entdeckung - Eine wunderbare Geschichte und 11 neue hinreißende Songs rund ums Kranksein und Gesundwerden Ein echter Mut- und Muntermacher für kleine, aber auch große Patienten.||</marc:subfield>
   </marc:datafield>
   <marc:datafield ind1=" " ind2=" " tag="020">
      <marc:subfield code="a">9783898357098</marc:subfield>
      <marc:subfield code="9">9783898357098</marc:subfield>
   </marc:datafield>
   <marc:datafield ind1=" " ind2=" " tag="020">
      <marc:subfield code="a">3898357090</marc:subfield>
      <marc:subfield code="9">3898357090</marc:subfield>
   </marc:datafield>
   <marc:datafield ind1=" " ind2=" " tag="300">
      <marc:subfield code="a">[20] Bl. : zahlr. Ill.</marc:subfield>
   </marc:datafield>
</marc:record>
